000 00333nam a2200145Ia 4500
008 191201s1999 xx 000 0 und d
082 _a537.6
_bGUE
100 _aGUPTA,S.L
245 0 _aElectrodynamics
250 _a14th
260 _aMeerut
_bPragati Prakashan Meerut
_c1999
300 _a520
650 _aApplied
942 _2ddc
_cBK
999 _c645
_d645